An Introduction to Zimbabwean law (Record no. 5711)
[ view plain ]
| 000 -LEADER | |
|---|---|
| fixed length control field | 00570nam a2200229Ia 4500 |
| 003 - CONTROL NUMBER IDENTIFIER | |
| control field | 0100 |
| 008 - FIXED-LENGTH DATA ELEMENTS--GENERAL INFORMATION | |
| fixed length control field | 130227s9999 xx 000 0 und d |
| 020 ## - INTERNATIONAL STANDARD BOOK NUMBER | |
| International Standard Book Number | 9781779220981 |
| 040 ## - CATALOGING SOURCE | |
| Transcribing agency | ARRUPELIB |
| 050 ## - LIBRARY OF CONGRESS CALL NUMBER | |
| Classification number | KTZ5.44.M181 |
| 100 ## - MAIN ENTRY--PERSONAL NAME | |
| Personal name | Madhuku, Lovemore |
| 245 #3 - TITLE STATEMENT | |
| Title | An Introduction to Zimbabwean law |
| 260 ## - PUBLICATION, DISTRIBUTION, ETC. (IMPRINT) | |
| Place of publication, distribution, etc | Harare |
| 260 ## - PUBLICATION, DISTRIBUTION, ETC. (IMPRINT) | |
| Name of publisher, distributor, etc | Weaver Press; Friedich Ebert Stiftung |
| 260 ## - PUBLICATION, DISTRIBUTION, ETC. (IMPRINT) | |
| -- | 2010 |
| 300 ## - PHYSICAL DESCRIPTION | |
| Extent | xv |
| 300 ## - PHYSICAL DESCRIPTION | |
| Other physical details | 188p 21cm |
| 650 ## - SUBJECT ADDED ENTRY--TOPICAL TERM | |
| Topical term following geographic name as entry element | Renaissance |
| 650 ## - SUBJECT ADDED ENTRY--TOPICAL TERM | |
| Location of event | Humanism--Europe--16th century |
| 650 ## - SUBJECT ADDED ENTRY--TOPICAL TERM | |
| Active dates | Humanists--Europe |
| 942 ## - ADDED ENTRY ELEMENTS (KOHA) | |
| Source of classification or shelving scheme | Library of Congress Classification |
| Koha issues (borrowed), all copies | 4 |
| Withdrawn status | Lost status | Source of classification or shelving scheme | Damaged status | Not for loan | Collection code | Home library | Current library | Shelving location | Date acquired | Total Checkouts | Full call number | Barcode | Date last seen | Date last borrowed | Copy number | Price effective from | Koha item type |
|---|---|---|---|---|---|---|---|---|---|---|---|---|---|---|---|---|---|
| Library of Congress Classification | Main Collection | ARRUPE LIBRARY | ARRUPE LIBRARY | 27/02/2013 | 14 | KTZ5.44.M181 | 46407748 | 07/11/2023 | 17/10/2023 | 1 | 27/02/2013 | Monograph ( Printed materials) | |||||
| Library of Congress Classification | Main Collection | ARRUPE LIBRARY | ARRUPE LIBRARY | Main Collection | 15/10/2020 | KTZ5.44.M181 | 46600008357 | 15/10/2020 | 15/10/2020 | Monograph ( Printed materials) |